FA Cup Winners — Sudden Death - Statistics

General Stats
  • This quiz has been taken 3,994 times
    590 since last reset
  • The average score is 21 of 35
Answers on the Grid
Answers color-coded by a green-red scale on the quiz's grid according to % correct below.
Manchester United
Leicester City
Wigan Athletic
Swansea City
Chelsea
Luton Town
Millwall
Oxford University
Ipswich Town
Manchester City
Queens Park Rangers
Leeds United
Chesterfield
Portsmouth
Middlesbrough
Southampton
Birmingham City
Coventry City
Wolverhampton Wanderers
Crystal Palace
Darwen
Cardiff City
Arsenal
Aston Villa
Newcastle United
Port Vale
Tottenham Hotspur
Old Harrovians
Crewe Alexandra
Blackburn Rovers
Bury
Swifts
Preston North End
Notts County
Stoke City
Brighton & Hove Albion
Wanderers
Leyton Orient
West Ham United
Sunderland
Hull City
West Bromwich Albion
Reading
Sheffield Wednesday
Liverpool
Plymouth Argyle
Old Etonians
Blackpool
Bolton Wanderers
Charlton Athletic
Bristol City
Everton
Fulham
Royal Engineers
Grimsby Town
Barnsley
 
Answer Stats
Answer % Correct
Manchester United
97%
Manchester City
92%
Chelsea
91%
Arsenal
89%
Liverpool
87%
Newcastle United
84%
Tottenham Hotspur
83%
Aston Villa
82%
Leicester City
82%
Everton
80%
Crystal Palace
79%
Leeds United
79%
West Ham United
71%
Wigan Athletic
68%
Blackburn Rovers
59%
Sunderland
59%
Portsmouth
58%
Wolverhampton Wanderers
58%
Preston North End
53%
Sheffield Wednesday
53%
Southampton
53%
Ipswich Town
52%
Bolton Wanderers
49%
Coventry City
47%
Royal Engineers
42%
West Bromwich Albion
41%
Blackpool
40%
Old Etonians
39%
Wanderers
38%
Cardiff City
34%
Notts County
30%
Oxford University
30%
Bury
27%
Charlton Athletic
25%
Barnsley
19%
No matching quizzes found
Score Distribution
Percent of People with Each Score
Percentile by Number Answered
Your Score History
You have not taken this quiz since the last reset